000 00846cam a2200313 4500
001 ABS68105
008 040820n2004 000 0 eng u
035 _a(Sirsi) u127120
245 _aFocus: Gloucs, Worcs, Herefordshire and Shrops
260 _c2004
490 _aEstates Gazette
_v(0431) 31 July 2004, 51-69(9)
590 _aABS
590 _aABS
650 _aGLOUCESTERSHIRE
650 _aWORCESTERSHIRE
650 _aHEREFORDSHIRE
650 _aSHROPSHIRE
650 _aWORCESTER
650 _aHEREFORD
650 _aSHREWSBURY
650 _aGLOUCESTER
650 _aLEOMINSTER
650 _aOFFICE MARKET
650 _aPROPERTY-COMMERCIAL PROPERTY-RETAIL PROPERTY-RETAIL PROPERTY MARKET
650 _aURBAN REGENERATION
650 _aINDUSTRIAL MARKET
690 _aCOMMERCIAL PROPERTY-MARKET
942 _n0
999 _c117875
_d117875